000
00233nam a22000857a 4500
008
160712b xxu||||| |||| 00| 0 eng d
100
_9
2661
_a
Cherian, T
245
_a
The Sun's Handkerchief
260
_a
New Delhi
_b
Children Book Trust
_c
2004
999
_c
2314
_d
2314